[Event "XXXI C.to Italiano femminile"]
[Site "Bratto - Castione della Presolana ITA"]
[Date "2004.08.28"]
[Round "9"]
[White "Costariol, Elena"]
[Black "Scharrer, Isabel"]
[Result "1/2-1/2"]
[WhiteElo "1554"]
[BlackElo "1613"]
[PlyCount "106"]
[EventDate "2004.08.20"]

1. e4 c5 2. Nf3 d6 3. d4 cxd4 4. Nxd4 Nf6 5. Nc3 g6 6. Be3 Bg7 7. Bc4 O-O 8.
Qd2 Nc6 9. Nf3 Bd7 10. Bh6 Rc8 11. Bxg7 Kxg7 12. O-O Na5 13. Bd3 Nc4 14. Bxc4
Rxc4 15. e5 Ne8 16. exd6 Nxd6 17. Ne5 Rb4 18. Nxd7 Qxd7 19. Rab1 Qc7 20. a3 Ne4
21. Nxe4 Rxe4 22. Rfe1 Rd8 23. Qc3+ Qxc3 24. bxc3 Rxe1+ 25. Rxe1 Rd2 26. Kf1
Rxc2 27. Rxe7 Rxc3 28. Rxb7 Rxa3 29. g3 a5 30. h4 a4 31. Ra7 Ra1+ 32. Ke2 a3
33. Kd2 a2 34. Ke2 Kf6 35. Kf3 Ke5 36. Ra4 Kd5 37. Kf4 Kc5 38. Kg5 Kb5 39. Ra7
Kb4 40. Kh6 Kb3 41. Rb7+ Kc2 42. Ra7 Kd2 43. Kxh7 Ke2 44. f4 Kf3 45. Ra3+ Kg4
46. Kg7 Rg1 47. Rxa2 Rxg3 48. Kxf7 Kxh4 49. Ra6 Kh5 50. Ra5+ Kh4 51. Ra6 Kg4
52. Rxg6+ Kxf4 53. Rxg3 Kxg3 1/2-1/2

[Event "XXXI C.to Italiano femminile"]
[Site "Bratto - Castione della Presolana ITA"]
[Date "2004.08.28"]
[Round "9"]
[White "De Rosa, Mariagrazia"]
[Black "Sautto, Alessandra"]
[Result "1-0"]
[WhiteElo "2124"]
[BlackElo "1978"]
[PlyCount "55"]
[EventDate "2004.08.20"]

1. e4 e6 2. d4 d5 3. e5 c5 4. c3 Qb6 5. Nf3 Bd7 6. a3 cxd4 7. cxd4 Bb5 8. Bxb5+
Qxb5 9. Nc3 Qa6 10. Bd2 Nd7 11. b4 Nh6 12. Ne2 b5 13. O-O Qb7 14. a4 a6 15.
axb5 axb5 16. Ra5 Rxa5 17. bxa5 Be7 18. Qc2 O-O 19. Rc1 Ra8 20. Bxh6 gxh6 21.
Nf4 b4 22. Nd2 Bf8 23. Nb3 Qb5 24. Nh5 Qc4 25. Qd1 Qb5 26. Rc7 Be7 27. Rxd7
Qxd7 28. Qg4+ 1-0

[Event "XXXI C.to Italiano femminile"]
[Site "Bratto - Castione della Presolana ITA"]
[Date "2004.08.28"]
[Round "9"]
[White "Di Blasi, Erica"]
[Black "Pili, Erika"]
[Result "0-1"]
[WhiteElo "1580"]
[BlackElo "1853"]
[PlyCount "106"]
[EventDate "2004.08.20"]

1. e4 e5 2. Nf3 Nc6 3. Bc4 Be7 4. a3 Nf6 5. d3 O-O 6. O-O d6 7. Be3 h6 8. h3
Nh7 9. Nh2 Bg5 10. f4 exf4 11. Bxf4 Bxf4 12. Rxf4 Qg5 13. Rf2 Bxh3 14. Qd2 Qxd2
15. Nxd2 Be6 16. Re1 Bxc4 17. Nxc4 Ng5 18. Ne3 Nd4 19. c3 Nde6 20. Nd5 c6 21.
Ne7+ Kh7 22. Nf5 Rad8 23. Nf3 Nxf3+ 24. gxf3 Nf4 25. Rd2 Rfe8 26. Ne3 d5 27.
Ng2 Nxg2 28. Kxg2 dxe4 29. fxe4 f6 30. Red1 g5 31. d4 Rxe4 32. d5 cxd5 33. Rxd5
Rxd5 34. Rxd5 Re2+ 35. Kf3 Rxb2 36. Ke4 Kg6 37. c4 Rb3 38. Ra5 a6 39. Kd5 g4
40. Kd6 g3 41. Rd5 Rxa3 42. c5 g2 43. Rd1 Rb3 44. Kc7 h5 45. Rg1 Rb2 46. Rxg2+
Rxg2 47. Kxb7 Rc2 48. c6 a5 49. Ka6 Rxc6+ 50. Kxa5 h4 51. Kb5 Rc2 52. Kb4 h3
53. Kb3 Rc7 0-1

[Event "XXXI C.to Italiano femminile"]
[Site "Bratto - Castione della Presolana ITA"]
[Date "2004.08.28"]
[Round "9"]
[White "Lomakina, Nadya"]
[Black "Ambrosi, Eleonora"]
[Result "0-1"]
[WhiteElo "1751"]
[BlackElo "2118"]
[PlyCount "82"]
[EventDate "2004.08.20"]

1. d4 d5 2. Nf3 Bf5 3. Bf4 e6 4. e3 Bd6 5. Bxd6 cxd6 6. Bd3 Bg4 7. Nbd2 Nf6 8.
O-O O-O 9. c3 Nbd7 10. Qc2 Qe7 11. Rfe1 Rac8 12. e4 dxe4 13. Bxe4 Nxe4 14. Qxe4
Nf6 15. Qd3 Rc7 16. Ne4 Nxe4 17. Qxe4 Bxf3 18. Qxf3 b5 19. Qd3 Rb8 20. Re3 d5
21. Rh3 g6 22. Qd2 b4 23. b3 bxc3 24. Rxc3 Qb4 25. Rac1 Rbc8 26. Rxc7 Qxd2 27.
Rxc8+ Kg7 28. h3 Qxa2 29. Rb8 Qd2 30. Ra1 Qxd4 31. Ra4 Qc3 32. g3 a5 33. b4 d4
34. bxa5 Qc1+ 35. Kh2 Qc2 36. Ra3 Qxf2+ 37. Kh1 Qf1+ 38. Kh2 Qf2+ 39. Kh1 Qe1+
40. Kh2 Qd2+ 41. Kg1 Qc1+ 0-1

[Event "XXXI C.to Italiano femminile"]
[Site "Bratto - Castione della Presolana ITA"]
[Date "2004.08.28"]
[Round "9"]
[White "Messina, Roberta"]
[Black "Cassinera, Chiara"]
[Result "1/2-1/2"]
[WhiteElo "1673"]
[BlackElo "1619"]
[PlyCount "54"]
[EventDate "2004.08.20"]

1. e4 c5 2. c3 g6 3. Nf3 Bg7 4. d4 cxd4 5. cxd4 d6 6. Nc3 Nc6 7. Be3 Nf6 8. a3
O-O 9. Be2 Ng4 10. Bc1 Qb6 11. h3 Nf6 12. b4 Ne8 13. Be3 Qc7 14. O-O a6 15. Rc1
f5 16. Qb3+ Kh8 17. b5 Na5 18. Qb4 Qd8 19. e5 d5 20. b6 Nc6 21. Qc5 f4 22. Bd2
e6 23. Bd3 g5 24. Ne2 h6 25. Bb1 Rf7 26. Bg6 Bf8 27. Qc3 Rg7 1/2-1/2

[Event "XXXI C.to Italiano femminile"]
[Site "Bratto - Castione della Presolana ITA"]
[Date "2004.08.28"]
[Round "9"]
[White "Negri, Ornella Cecilia"]
[Black "Francalancia, Mariachiara"]
[Result "1-0"]
[WhiteElo "1600"]
[BlackElo "1528"]
[PlyCount "77"]
[EventDate "2004.08.20"]

1. e4 d6 2. d4 Nf6 3. Nc3 g6 4. Be3 Bg7 5. Be2 Nbd7 6. Qd2 O-O 7. Bh6 Re8 8.
Bxg7 Kxg7 9. h4 e5 10. O-O-O exd4 11. Qxd4 Kg8 12. f4 Nc5 13. e5 Nfd7 14. Nf3
b6 15. h5 Qe7 16. Nd5 Qd8 17. hxg6 fxg6 18. Bc4 Ne6 19. Qe3 Bb7 20. f5 Ng7 21.
Nf6+ Kf8 22. Nxh7+ Ke7 23. Qg5+ Nf6 24. Qxf6+ Kd7 25. Qxg7+ Kc8 26. Qxg6 Kb8
27. exd6 Rg8 28. Bxg8 cxd6 29. Rxd6 Qc7 30. Qe8+ Bc8 31. Rhd1 a5 32. Rd8 Ka7
33. Be6 Qf4+ 34. Kb1 Qc7 35. Bxc8 Rxc8 36. Rxc8 Qb7 37. Rd7 Qxd7 38. Qxd7+ Ka6
39. Ra8# 1-0

[Event "XXXI C.to Italiano femminile"]
[Site "Bratto - Castione della Presolana ITA"]
[Date "2004.08.28"]
[Round "9"]
[White "Reginato, Sabrina"]
[Black "Chierici, Marianna"]
[Result "0-1"]
[WhiteElo "1553"]
[BlackElo "1646"]
[PlyCount "90"]
[EventDate "2004.08.20"]

1. e4 e5 2. Nf3 d6 3. d4 Nd7 4. Nc3 Ngf6 5. Bc4 Be7 6. h3 O-O 7. Be3 a6 8. a3
h6 9. b4 Re8 10. O-O Bf8 11. Re1 b5 12. Bb3 Bb7 13. d5 c6 14. Qd3 Qc7 15. Rac1
Rac8 16. Nh4 c5 17. Ba2 cxb4 18. Ne2 bxa3 19. Qxa3 Nxe4 20. Qd3 Nc3 21. Nxc3
Qxc3 22. Qf5 Nf6 23. Bxh6 Bxd5 24. Bxd5 Nxd5 25. Qg5 Re6 26. Red1 Nf4 27. Bxg7
Bxg7 28. Nf5 Ng6 29. h4 Bf6 30. Qh6 Nf4 31. Re1 Bh8 32. Qg5+ Kf8 33. Rcd1 Qc7
34. h5 Qd8 35. Qg4 Rxc2 36. Re3 Qf6 37. g3 Ne2+ 38. Rxe2 Rxe2 39. Qxe2 Qxf5 40.
Kg2 e4 41. Qe3 Qxh5 42. Rh1 Qf3+ 43. Qxf3 exf3+ 44. Kxf3 Bf6 45. Rc1 a5 0-1

[Event "XXXI C.to Italiano femminile"]
[Site "Bratto - Castione della Presolana ITA"]
[Date "2004.08.28"]
[Round "9"]
[White "Rombaldoni, Sharon"]
[Black "Pica, Livia"]
[Result "0-1"]
[WhiteElo "1440"]
[BlackElo "1520"]
[PlyCount "114"]
[EventDate "2004.08.20"]

1. e4 e5 2. Nf3 Nc6 3. Bc4 Be7 4. O-O d6 5. Nc3 Bg4 6. d3 Nd4 7. Re1 Nxf3+ 8.
gxf3 Bh3 9. f4 exf4 10. Bxf4 Bg5 11. Qf3 Be6 12. Bxe6 fxe6 13. e5 d5 14. Bxg5
Qxg5+ 15. Qg3 Qe7 16. Re3 Nh6 17. Qf4 O-O-O 18. Rg3 Rhf8 19. Qg5 Qc5 20. Rg2
Rd7 21. Re1 Rdf7 22. Re2 Nf5 23. Re1 a6 24. Rf1 d4 25. Ne2 Qxc2 26. Ng3 Qxd3
27. Nxf5 Qxf5 28. Qxf5 exf5 29. e6 Re7 30. Rd1 c5 31. Rc1 b6 32. b4 Rc7 33. Rg3
Re8 34. Ra3 Kb7 35. Rb3 c4 36. Rh3 g6 37. Rd1 d3 38. Kf1 Rxe6 39. Re3 Rcc6 40.
Rde1 Rxe3 41. fxe3 c3 42. Rc1 d2 43. Rd1 c2 44. Rxd2 c1=Q+ 45. Ke2 Rc2 46. Rxc2
Qxc2+ 47. Kf3 Qe4+ 48. Kf2 Kc6 49. Ke2 f4 50. Kd2 fxe3+ 51. Kd1 Kd5 52. Ke2 Kd4
53. Kd1 Kd3 54. Kc1 Kc3 55. Kd1 Qf3+ 56. Ke1 Qf2+ 57. Kd1 Qd2# 0-1

[Event "XXXI C.to Italiano femminile"]
[Site "Bratto - Castione della Presolana ITA"]
[Date "2004.08.28"]
[Round "9"]
[White "Santurbano, Maria Vincenza"]
[Black "Matta, Francesca"]
[Result "1-0"]
[WhiteElo "1822"]
[BlackElo "1772"]
[PlyCount "67"]
[EventDate "2004.08.20"]

1. d4 Nf6 2. c4 g6 3. Nc3 Bg7 4. e4 d6 5. f3 O-O 6. Be3 c6 7. Qd2 Nbd7 8. Bh6
a6 9. Bxg7 Kxg7 10. a4 Qa5 11. Ra3 e5 12. d5 cxd5 13. exd5 Re8 14. Bd3 Nc5 15.
Nge2 Nxd3+ 16. Qxd3 Qb6 17. Qc2 Bf5 18. Ne4 Nxe4 19. fxe4 Bd7 20. a5 Qc5 21.
Qd2 Qxc4 22. Re3 f5 23. exf5 Bxf5 24. O-O Rac8 25. Ng3 Bd7 26. Ref3 Rf8 27. Qg5
Qd4+ 28. Kh1 Rxf3 29. Rxf3 Bg4 30. Qe7+ Kg8 31. Rf7 e4 32. h3 Bd1 33. Nxe4 Bh5
34. Nf6+ 1-0

[Event "XXXI C.to Italiano femminile"]
[Site "Bratto - Castione della Presolana ITA"]
[Date "2004.08.28"]
[Round "9"]
[White "Tiozzo Netti, Valeria"]
[Black "Borsato, Laura"]
[Result "0-1"]
[WhiteElo "1643"]
[BlackElo "1580"]
[PlyCount "72"]
[EventDate "2004.08.20"]

1. e4 g6 2. d4 Bg7 3. Nf3 d6 4. Be3 Bg4 5. Be2 Nf6 6. Nc3 c6 7. Qd2 O-O 8. Bh6
b5 9. Bxg7 Kxg7 10. h3 Bxf3 11. Bxf3 Qb6 12. h4 Rh8 13. O-O-O Nbd7 14. h5 h6
15. hxg6 fxg6 16. Rh2 a5 17. Rdh1 g5 18. Rxh6 Rxh6 19. Qxg5+ Rg6 20. Qf5 Qxd4
21. Nxb5 cxb5 22. e5 Rf8 23. exf6+ Nxf6 24. Qxb5 Qxf2 25. Qxa5 Rc8 26. Qf5 Qe3+
27. Kb1 Rh8 28. Rd1 Rgh6 29. a4 Rh1 30. Rxh1 Rxh1+ 31. Ka2 Qd4 32. Qb5 Rh4 33.
g4 Qc5 34. Qxc5 dxc5 35. a5 Nd7 36. Kb3 Rh3 0-1

[Event "XXXI C.to Italiano femminile"]
[Site "Bratto - Castione della Presolana ITA"]
[Date "2004.08.28"]
[Round "9"]
[White "Tomba, Patrizia"]
[Black "Clappa, Ilaria"]
[Result "0-1"]
[WhiteElo "1637"]
[BlackElo "1850"]
[PlyCount "90"]
[EventDate "2004.08.20"]

1. e4 e6 2. d4 d5 3. e5 c5 4. c3 Qb6 5. Nf3 Nc6 6. a3 a5 7. Bd3 Bd7 8. Bc2 cxd4
9. cxd4 Nge7 10. O-O Rc8 11. Nc3 Ng6 12. Na4 Qc7 13. Nc3 Na7 14. Bd2 b5 15. Rc1
Qb6 16. Na2 Be7 17. Bxg6 hxg6 18. Rxc8+ Bxc8 19. Qc2 Ba6 20. b4 axb4 21. axb4
Nc6 22. Rb1 Kd7 23. Qb2 Qd8 24. Nc1 g5 25. g4 Rh3 26. Kg2 Qh8 27. Nd3 f5 28.
Rh1 fxg4 29. Nxg5 Rxd3 30. Qc2 Rxd4 31. Rc1 Rc4 32. Qg6 Bxg5 33. Bxg5 Qh3+ 34.
Kg1 Rxc1+ 35. Bxc1 Ne7 36. Qxg7 Qc3 37. Bg5 Qxb4 38. Qf8 Bb7 39. Qb8 Bc6 40.
Qa7+ Ke8 41. Qb8+ Kf7 42. Qh8 Qe1+ 43. Kg2 d4+ 44. Kg3 Qg1+ 45. Kf4 Ng6# 0-1

[Event "XXXI C.to Italiano femminile"]
[Site "Bratto - Castione della Presolana ITA"]
[Date "2004.08.28"]
[Round "9"]
[White "Tonel, Giulia"]
[Black "Goi, Veronika"]
[Result "0-1"]
[WhiteElo "1670"]
[BlackElo "1823"]
[PlyCount "116"]
[EventDate "2004.08.20"]

1. e4 e6 2. d4 d5 3. Nd2 Nf6 4. e5 Nfd7 5. Bd3 c5 6. c3 Nc6 7. Ne2 Be7 8. Nf3
Nf8 9. O-O Bd7 10. Ng3 Ng6 11. Be3 c4 12. Bc2 b5 13. a3 a5 14. Qd2 Qb6 15. Rfe1
O-O-O 16. b3 Kc7 17. bxc4 bxc4 18. Reb1 Qa6 19. a4 Rb8 20. Qd1 Rxb1 21. Rxb1
Rb8 22. Nd2 Rxb1 23. Qxb1 Qb7 24. Qa2 Na7 25. f4 Qb6 26. Nh1 Nf8 27. Nf2 Be8
28. g4 f6 29. Nd1 Nc8 30. Nf3 Qc6 31. Kg2 Nb6 32. Nb2 Bd7 33. Bf2 Ng6 34. Bg3
Kb7 35. f5 Nf8 36. fxe6 Bxe6 37. h3 Qc8 38. Ng1 f5 39. gxf5 Bxf5 40. Qb1 Bg6
41. Nf3 Bh5 42. Bxh7 Bxf3+ 43. Kxf3 Qxh3 44. Bf5 Qh5+ 45. Bg4 Qf7+ 46. Kg2 Ne6
47. Bf3 Ng5 48. Bg4 Qe8 49. Bf4 Kc6 50. Be3 Ne4 51. Qc2 Qg6 52. Qe2 Nxc3 53.
Qf3 Qc2+ 54. Qf2 Qxf2+ 55. Kxf2 Ne4+ 56. Kg2 c3 57. Nd3 Nxa4 58. Be2 Kb6 0-1

[Event "XII C.to Italiano U20"]
[Site "Bratto - Castione della Presolana ITA"]
[Date "2004.08.20"]
[Round "1"]
[White "Adami, Roberto"]
[Black "Buono, Valerio"]
[Result "0-1"]
[WhiteElo "1652"]
[BlackElo "1978"]
[PlyCount "129"]
[EventDate "2004.08.20"]

1. e4 e5 2. Nf3 Nc6 3. d4 exd4 4. Bc4 Bb4+ 5. c3 dxc3 6. bxc3 Bc5 7. Bxf7+ Kxf7
8. Qd5+ Ke8 9. Qxc5 Qe7 10. Qe3 Nf6 11. Nbd2 d6 12. O-O Ne5 13. Re1 Nfg4 14.
Qe2 Rf8 15. h3 Nxf3+ 16. Nxf3 Ne5 17. Nd4 c5 18. Nc2 Ng6 19. Qh5 Qf6 20. Be3
Kf7 21. c4 Kg8 22. Rad1 Ne5 23. Qe2 Qe6 24. Rd5 b6 25. Red1 Nf7 26. f3 Bb7 27.
R5d2 Rad8 28. Na3 a6 29. Rb1 b5 30. cxb5 axb5 31. Nxb5 Qc8 32. Qf2 Qc6 33. Nc3
Qc7 34. Nd5 Bxd5 35. Rxd5 Rb8 36. Rxb8 Rxb8 37. Kh2 Re8 38. Qd2 h6 39. g3 Ne5
40. Kg2 Qf7 41. Qe2 Qe6 42. Bf4 Nf7 43. Qd2 Rd8 44. g4 Qe7 45. Bg3 g5 46. Qb2
Rd7 47. Qd2 Rd8 48. a4 Qc7 49. a5 c4 50. Qc3 Rb8 51. Rd2 Rb3 52. Qc1 c3 53. Ra2
Qb8 54. Ra1 Rb2+ 55. Bf2 Qa7 56. Qe1 Ne5 57. Kg3 Qc7 58. Bd4 Rb3 59. Bxe5 dxe5
60. a6 Qf7 61. Qe3 Rb8 62. a7 Ra8 63. Qxc3 Rxa7 64. Rxa7 Qxa7 65. Qxe5 0-1

[Event "XII C.to Italiano U20"]
[Site "Bratto - Castione della Presolana ITA"]
[Date "2004.08.20"]
[Round "1"]
[White "Basso, Piergiorgio"]
[Black "Scharrer, Patrick"]
[Result "1/2-1/2"]
[WhiteElo "1742"]
[BlackElo "2193"]
[PlyCount "77"]
[EventDate "2004.08.20"]

1. e4 c5 2. Nf3 Nc6 3. d4 cxd4 4. Nxd4 g6 5. Nc3 Bg7 6. Be3 Nf6 7. Be2 O-O 8.
O-O d6 9. Kh1 Bd7 10. f4 Rc8 11. f5 Ne5 12. Bf4 Nc4 13. Bxc4 Rxc4 14. Qd3 Qc8
15. e5 dxe5 16. Bxe5 Rd8 17. Bxf6 Bxf6 18. Nd5 Kg7 19. Nxf6 exf6 20. fxg6 hxg6
21. Qf3 f5 22. c3 Bc6 23. Qg3 Be4 24. Qe5+ Kg8 25. Rf2 Rdxd4 26. cxd4 Rc1+ 27.
Rf1 Rc2 28. Rg1 Qc6 29. Qb8+ Kg7 30. Qg3 f4 31. Qg5 f3 32. h4 fxg2+ 33. Kh2
Rxb2 34. Qe5+ Kh7 35. d5 Qxd5 36. Qxb2 Qd6+ 37. Kh3 Qd3+ 38. Kh2 Qd6+ 39. Kh3
1/2-1/2

[Event "XII C.to Italiano U20"]
[Site "Bratto - Castione della Presolana ITA"]
[Date "2004.08.20"]
[Round "1"]
[White "Battaglia, Edoardo"]
[Black "Rombaldoni, Brian"]
[Result "1-0"]
[WhiteElo "1877"]
[BlackElo "1452"]
[PlyCount "99"]
[EventDate "2004.08.20"]

1. e4 c6 2. d4 d5 3. exd5 cxd5 4. c4 e6 5. Nc3 Nf6 6. Nf3 Qc7 7. c5 b6 8. Nb5
Qc6 9. Ne5 Qb7 10. Qa4 Bd7 11. Nxd7 Nbxd7 12. Bf4 Rc8 13. Qxa7 Qxa7 14. Nxa7
Ra8 15. cxb6 Bb4+ 16. Bd2 Bxd2+ 17. Kxd2 Nxb6 18. Nb5 O-O 19. f3 Rab8 20. b3
Nbd7 21. Be2 Rb6 22. Rac1 Ra8 23. a4 Rab8 24. Rc7 R6b7 25. Rhc1 Rxc7 26. Rxc7
Kf8 27. a5 Ra8 28. Ra7 Rxa7 29. Nxa7 Ke7 30. b4 Kd6 31. Nb5+ Kc6 32. Na3 Kb7
33. Kc3 Nb8 34. b5 Ne8 35. Kb4 Nd7 36. Nc2 Nd6 37. Bd3 h6 38. Na1 e5 39. Nb3 e4
40. fxe4 dxe4 41. Bc4 e3 42. Bd5+ Kb8 43. Nc1 Nf5 44. Ne2 f6 45. Be6 Nxd4 46.
Nxd4 Ne5 47. Bc4 g5 48. Nc2 Nxc4 49. Kxc4 e2 50. Kd3 1-0

[Event "XII C.to Italiano U20"]
[Site "Bratto - Castione della Presolana ITA"]
[Date "2004.08.20"]
[Round "1"]
[White "Bellemo, Davide"]
[Black "Cappai, Davide"]
[Result "0-1"]
[WhiteElo "1712"]
[BlackElo "2132"]
[PlyCount "80"]
[EventDate "2004.08.20"]

1. c4 e5 2. Nc3 Nc6 3. g3 f5 4. Bg2 Nf6 5. d3 Bc5 6. Nf3 O-O 7. O-O a6 8. e3
Ba7 9. b3 d6 10. Bb2 h6 11. d4 e4 12. Nd2 Re8 13. a3 g5 14. b4 g4 15. Ne2 Qe7
16. Nf4 Qf7 17. Rc1 Nh7 18. Qb3 Bd7 19. c5 Qxb3 20. Nxb3 d5 21. Nd2 Ne7 22. Nb1
Kf7 23. Nc3 c6 24. a4 Bb8 25. Rfe1 Rg8 26. Ba1 Nf6 27. Bf1 h5 28. Rb1 h4 29. a5
Nh7 30. Na4 Ng5 31. Be2 Bxf4 32. exf4 Nf3+ 33. Bxf3 gxf3 34. Nc3 Rg4 35. Rb2
Rag8 36. Kf1 Ng6 37. Nd1 Nxf4 38. Ne3 R4g5 39. Rd1 Nd3 40. Ra2 f4 0-1

[Event "XII C.to Italiano U20"]
[Site "Bratto - Castione della Presolana ITA"]
[Date "2004.08.20"]
[Round "1"]
[White "Berardi, Alessandro"]
[Black "D'Apa, Matteo"]
[Result "0-1"]
[WhiteElo "1577"]
[BlackElo "1939"]
[PlyCount "138"]
[EventDate "2004.08.20"]

1. e4 c6 2. d4 d5 3. exd5 cxd5 4. c4 Nf6 5. Nc3 e6 6. Nf3 Nc6 7. Bf4 Bd6 8.
Bxd6 Qxd6 9. Be2 dxc4 10. Bxc4 O-O 11. O-O a6 12. a4 Rd8 13. Ne2 b6 14. Rc1 Bb7
15. Qd3 Rd7 16. Rfd1 Rad8 17. h3 h6 18. Rd2 Nd5 19. Bxd5 Qxd5 20. Nc3 Qh5 21.
Qe3 Ne7 22. Ne5 Nf5 23. Qe2 Qxe2 24. Nxe2 Rd5 25. Rcd1 f6 26. Nc4 b5 27. axb5
axb5 28. Ne3 Nxe3 29. fxe3 b4 30. Nf4 R5d6 31. Nd3 b3 32. Nc5 Rb6 33. Rd3 Bd5
34. e4 Bc4 35. Rc3 Rb4 36. Kf2 Kf7 37. Ke3 f5 38. Rdc1 f4+ 39. Kxf4 Rxd4 40.
Ke3 e5 41. Ra1 Bb5 42. Ra3 Bc4 43. Ra4 Rxa4 44. Nxa4 Bf1 45. Kf2 Bxg2 46. Kxg2
Rxa4 47. Kf3 Rb4 48. Rc7+ Kf6 49. Rc6+ Kf7 50. Rc7+ Kf6 51. Rc6+ Kg5 52. Re6
Rb5 53. Kg3 Rc5 54. Rb6 Rc4 55. Kf3 Kh4 56. Rxb3 Kxh3 57. Ke2+ Kg4 58. Kd3 Rd4+
59. Ke3 h5 60. Rb5 h4 61. Rxe5 Rd1 62. Ke2 Rb1 63. Rb5 h3 64. e5 h2 65. e6 h1=Q
66. Rb4+ Kf5 67. Rb5+ Kxe6 68. Rb6+ Kd7 69. Rb7+ Qxb7 0-1

[Event "XII C.to Italiano U20"]
[Site "Bratto - Castione della Presolana ITA"]
[Date "2004.08.20"]
[Round "1"]
[White "Boscolo, Marco"]
[Black "Oblak, Mitja"]
[Result "1/2-1/2"]
[WhiteElo "1898"]
[BlackElo "1556"]
[PlyCount "127"]
[EventDate "2004.08.20"]

1. e4 c5 2. Nf3 d6 3. d4 cxd4 4. Nxd4 Nf6 5. Nc3 e6 6. Be3 Be7 7. f3 Nc6 8. Qd2
Bd7 9. Ndb5 O-O 10. Nxd6 Bxd6 11. Qxd6 Qa5 12. Qc5 Rac8 13. Qxa5 Nxa5 14. O-O-O
Be8 15. Kb1 a6 16. e5 Nd7 17. f4 Nc4 18. Bf2 b5 19. Ne4 Rc6 20. Bd3 Ndb6 21.
Bxb6 Rxb6 22. Rhe1 Bc6 23. g3 Bd5 24. Nd2 a5 25. Be4 Rd8 26. Bxd5 exd5 27. Nxc4
bxc4 28. c3 a4 29. a3 Kf8 30. Rd4 Rb5 31. Red1 Ke7 32. f5 g6 33. g4 h5 34. gxh5
gxh5 35. Rg1 Rdb8 36. Rg2 Rb3 37. Ka2 R8b5 38. Rh4 Rb6 39. Rxh5 d4 40. cxd4 c3
41. bxc3 Rxc3 42. Rb2 Rxb2+ 43. Kxb2 Rb3+ 44. Ka2 Rd3 45. Rh4 Rd2+ 46. Kb1 Rf2
47. Rh3 Rxf5 48. Kc2 Ke6 49. Kc3 Kd5 50. Kb4 Kxd4 51. Kxa4 Kxe5 52. Kb4 Rf1 53.
a4 f5 54. a5 f4 55. Rh8 f3 56. Re8+ Kf4 57. Rf8+ Kg4 58. Rg8+ Kh3 59. Rh8+ Kg2
60. Rg8+ Kxh2 61. Rh8+ Kg3 62. Rg8+ Kf4 63. Rf8+ Ke5 64. a6 1/2-1/2

[Event "XII C.to Italiano U20"]
[Site "Bratto - Castione della Presolana ITA"]
[Date "2004.08.20"]
[Round "1"]
[White "Brunello, Sabino"]
[Black "Procacci, Sergio"]
[Result "1-0"]
[WhiteElo "2193"]
[BlackElo "1756"]
[PlyCount "45"]
[EventDate "2004.08.20"]

1. e4 g6 2. d4 Bg7 3. Nc3 d6 4. Be3 Nf6 5. f3 c6 6. Qd2 b5 7. O-O-O O-O 8. h4
h5 9. Nh3 Qa5 10. Kb1 b4 11. Ne2 Be6 12. Nc1 Na6 13. Nf4 Bd7 14. Nb3 Qb6 15.
Bc4 Kh7 16. e5 Ng8 17. e6 Be8 18. exf7 Bxf7 19. Bxf7 Rxf7 20. Nxg6 Kxg6 21.
Qd3+ Kf6 22. d5 c5 23. Bg5+ 1-0

[Event "XII C.to Italiano U20"]
[Site "Bratto - Castione della Presolana ITA"]
[Date "2004.08.20"]
[Round "1"]
[White "Buchicchio, Alessandro"]
[Black "Lain, Luigi"]
[Result "0-1"]
[WhiteElo "1813"]
[BlackElo "2243"]
[PlyCount "46"]
[EventDate "2004.08.20"]

1. d4 d5 2. c4 e6 3. Nf3 Nf6 4. g3 Nbd7 5. Bg2 c6 6. O-O Bd6 7. Nbd2 O-O 8. e4
dxe4 9. Ng5 e5 10. Ndxe4 Be7 11. Be3 Nxe4 12. Nxe4 f5 13. Nc3 f4 14. Bc1 Nb6
15. Be4 Qxd4 16. Qh5 h6 17. Rd1 Qc5 18. gxf4 exf4 19. Qf3 Qg5+ 20. Kh1 Bg4 21.
Qd3 Rad8 22. Bh7+ Kh8 23. Qc2 Bf3# 0-1

[Event "XII C.to Italiano U20"]
[Site "Bratto - Castione della Presolana ITA"]
[Date "2004.08.20"]
[Round "1"]
[White "Buchicchio, Giampaolo"]
[Black "Laurenti, Stefano"]
[Result "1-0"]
[WhiteElo "2291"]
[BlackElo "1823"]
[PlyCount "67"]
[EventDate "2004.08.20"]

1. e4 d6 2. d4 Nf6 3. Nc3 c6 4. h3 Nbd7 5. Nf3 e5 6. Be3 Be7 7. Be2 Qc7 8. a4
a5 9. O-O O-O 10. Nd2 Re8 11. f4 Nf8 12. Nc4 Be6 13. d5 cxd5 14. exd5 Bc8 15.
fxe5 N6d7 16. exd6 Bxd6 17. Nb5 Bh2+ 18. Kh1 Qb8 19. d6 Ne5 20. Kxh2 Nxc4 21.
Bxc4 Rxe3 22. Qd4 Re6 23. Rxf7 Kxf7 24. Rf1+ Kg8 25. Nc7 Bd7 26. Qf4 Kh8 27.
Qf7 h6 28. Bxe6 Bxe6 29. Qxf8+ Qxf8 30. Rxf8+ Rxf8 31. Nxe6 Rf7 32. Nc5 Rf5 33.
Nxb7 Rd5 34. c4 1-0

[Event "XII C.to Italiano U20"]
[Site "Bratto - Castione della Presolana ITA"]
[Date "2004.08.20"]
[Round "1"]
[White "Buchicchio, Roberto"]
[Black "Tomba, Ivan"]
[Result "0-1"]
[WhiteElo "1832"]
[BlackElo "2292"]
[PlyCount "62"]
[EventDate "2004.08.20"]

1. e4 c5 2. f4 Nc6 3. Nf3 e6 4. Be2 d5 5. e5 Nge7 6. Nc3 h5 7. Ng5 Nf5 8. Bxh5
g6 9. Bg4 Nxe5 10. Bxf5 gxf5 11. d4 Ng4 12. h3 Qa5 13. Rf1 Nf6 14. Qd3 Bd7 15.
Bd2 Qb6 16. Be3 c4 17. Qd2 Qxb2 18. Rb1 Qa3 19. Nb5 Bxb5 20. Rxb5 b6 21. c3 Bh6
22. Qc2 Qd6 23. Qa4 Kf8 24. Bc1 Kg7 25. Rf3 a6 26. Rb2 b5 27. Rg3 Nh5 28. Qd1
Nxg3 29. Qf3 Ne4 30. a4 Bxg5 31. fxg5 Qg3+ 0-1

[Event "XII C.to Italiano U20"]
[Site "Bratto - Castione della Presolana ITA"]
[Date "2004.08.20"]
[Round "1"]
[White "Cacciola, Alfredo"]
[Black "Polilli, Andrea"]
[Result "1-0"]
[WhiteElo "2052"]
[BlackElo "1679"]
[PlyCount "95"]
[EventDate "2004.08.20"]

1. e4 c5 2. Nf3 d6 3. d4 cxd4 4. Nxd4 Nf6 5. Nc3 g6 6. Be3 Bg7 7. f3 O-O 8. Qd2
Bd7 9. g4 Nc6 10. h4 Bxg4 11. fxg4 Nxg4 12. Nxc6 bxc6 13. Bg1 h5 14. Bh3 Ne5
15. Qe2 Bf6 16. Bf2 Qa5 17. O-O Qb4 18. Nd1 d5 19. c3 Qc4 20. Qxc4 Nxc4 21. Bg2
Rfd8 22. exd5 cxd5 23. Re1 e6 24. b3 Nd6 25. Rc1 Nf5 26. Ne3 Nxh4 27. c4 Nxg2
28. Kxg2 d4 29. Nf1 d3 30. Rcd1 Bg5 31. Be3 Bf6 32. Ng3 Bh4 33. Bf2 Bg5 34. Ne4
Bf4 35. Nc5 d2 36. Re2 a6 37. Be3 Bxe3 38. Rxe3 Rd4 39. Re2 Rad8 40. Ne4 f5 41.
Rexd2 e5 42. Rxd4 Rxd4 43. Rxd4 exd4 44. Ng5 Kf8 45. Ne6+ Ke7 46. Nxd4 Kd6 47.
Nf3 f4 48. b4 1-0

[Event "XII C.to Italiano U20"]
[Site "Bratto - Castione della Presolana ITA"]
[Date "2004.08.20"]
[Round "1"]
[White "Castellano, Fabio Marco"]
[Black "Covolan, Stefano"]
[Result "1-0"]
[WhiteElo "1946"]
[BlackElo "1586"]
[PlyCount "119"]
[EventDate "2004.08.20"]

1. e4 c5 2. Nf3 d6 3. d4 cxd4 4. Nxd4 Nf6 5. Nc3 e6 6. Be2 Be7 7. O-O a6 8. f4
Qb6 9. Kh1 Nc6 10. Nb3 Qc7 11. a4 Bd7 12. h3 Rc8 13. Rf3 Nb4 14. Be3 Qb8 15. a5
Bc6 16. Bd3 Nxd3 17. cxd3 d5 18. e5 Nd7 19. Nd4 Nc5 20. Rb1 Qc7 21. b4 Nd7 22.
Na4 Bxa4 23. Qxa4 O-O 24. Rc1 Qd8 25. Rff1 Nb8 26. f5 Qd7 27. Qxd7 Nxd7 28.
fxe6 Nxe5 29. Nf5 Bxb4 30. e7 Rfe8 31. Rxc8 Rxc8 32. Rf4 Nc6 33. Rxb4 Nxb4 34.
Nd6 Ra8 35. e8=Q+ Rxe8 36. Nxe8 Nxd3 37. Nd6 Nb4 38. Nxb7 Nc6 39. Bd2 d4 40.
Nc5 Nb8 41. Kg1 Kf8 42. Kf1 Ke7 43. Bb4 Nc6 44. Nxa6+ Kd7 45. Ke2 Kc8 46. Kd3
Kb7 47. Nc5+ Kc7 48. Bd2 Kd6 49. Kc4 Ke5 50. a6 f5 51. g3 h6 52. h4 g6 53. Kb5
Kd5 54. Bxh6 Na7+ 55. Kb6 Nc6 56. Nd3 Kd6 57. Nb4 Nxb4 58. Bf8+ Ke5 59. Bxb4 d3
60. a7 1-0